000 00735nam a22001937a 4500
005 20180424140132.0
010 _aB-691587-588
020 _c950.00
_a9788182205345
035 _aB-691587-588
037 _bR.K.Books
082 _a361.30954
100 _aKaushik, Archana
245 _aWelfare and development administration in India /
_cby Archana Kaushik
260 _aNew Delhi
_bGlobal Vision Pub.
_c2013
270 _a5 Ansari Road, Darayaganj
_bNew Delhi
_e110002
300 _a992p.
_c23cm(pbk)
942 _2ddc
_cEN
_mKAU
_h361.30954
999 _c151731
_d151731